000 01323nam a2200349 a 4500
003 EG-GICUC
005 20260218094236.0
008 260112s1976 ua |||fr|||| 00| 0 ara d
017 _a4179/76
020 _a9773060284
040 _a EG-GICUC
_bara
_c EG-GICUC
_d EG-GICUC
_erda
041 _aara
082 0 4 _221
_a343.3062
_bم أ . إ
092 0 4 _221
099 _aLaw1 10 343.3062 م أ . إ 1976
100 0 _aمأمون محمد سلامة
_eمؤلف.
245 1 2 _aالإجراءات الجنائية فى التشريع المصرى /
_cتأليف دكتور مأمون محمد سلامة.
264 1 _aالقاهرة :
_bدار الفكر العربى،
_c1976.
264 3 _aالقاهرة :
_bدار غريب للطباعة
300 _a641صفحة؛
_c24 سم.
_bإيضاحيات، صور، مثيليات ؛
336 _2rda content
_atext
337 _2rda media
_aComputer
338 _2rda carrier
_aOnline Resource
504 _a. 240-220 ببليوجرافيا: صفحات.
546 _aالنص باللغة العربية
650 1 _aقانون جنائي
_vمصر
_2qrmak
650 1 _a قانون الإجراءات الجنائية
_2qrmak
651 1 _2qrmak
856 4 0 _uhttps://fll.law.cu.edu.eg/fulltext/bks/B10-07734.pdf
905 _a54
942 _2ddc
_cBK
_e21
_n0
999 _c56649
_d56649